Normal view MARC view
  • GOKHALE, S.B .,KOKATE,C.K AND PUROHIT,A.P

Entry Personal Name

Number of records used in: 4

001 - CONTROL NUMBER

  • control field: 8281

003 - CONTROL NUMBER IDENTIFIER

  • control field: JRU

005 - DATE AND TIME OF LATEST TRANSACTION

  • control field: 20240108112355.0

008 - FIXED-LENGTH DATA ELEMENTS

  • fixed length control field: 240108|| aca||aabn | a|a d

040 ## - CATALOGING SOURCE

  • Original cataloging agency: JRU
  • Transcribing agency: JRU

100 ## - HEADING--PERSONAL NAME

  • Personal name: GOKHALE, S.B .,KOKATE,C.K AND PUROHIT,A.P

670 ## - SOURCE DATA FOUND

  • Source citation: Work cat.: (JRU)5806: GOKHALE, S.B .,KOKATE,C.K AND PUROHIT,A.P, A TEXT BOOK OF PHARMACOGNOSY -V (PLANTBIOLOGY) SEM-VI